000 00292nam a2200133 i 4500
001 bg
100 1 _aMIZERA, Jan
245 0 _aMateriaƂy budowlane /
_cJan Mizera.
260 _aOpole,
_c1980.
040 _cBPK
041 _apol
942 _cKS
008 s pl f |000 0 pol
999 _c20577
_d20577
856 _uhttp://koha.tu.koszalin.pl/cgi-bin/koha/opac-detail.pl?biblionumber=20577
_yKatalog online BPK